Medzinárodný web

Bibliographic Details
Main Author: Madoš, Branislav, 1976- (Author)
Format: Article
Language:Slovak
PhysicalDescription:Obr.
ISSN:1335-0226
Subjects:

MARC

LEADER 00000nab a2200000 a 4500
001 vtls009345569
003 SK-MaSNL
005 20260304154352.0
008 250507c2008 xo |||||||||||000 b|slo
015 |a SNBRB2008/10  |2 snkbucl 
035 |a (uuid)00bfb810-b3dc-43fe-ba85-e77bad6ccd0e 
035 |a urn:nbn:sk:snk-ab13ep 
035 |a (urnnbn)urn:nbn:sk:snk:ar-a05anj 
038 |a SNKBUCL 
040 |a SNKBUCL  |b slo  |c SNKBUCL  |e AACR2 
041 0 |a slo 
044 |a xo  |c SK 
080 |a 004.738.12:004.41  |2 2001 
100 1 |a Madoš, Branislav,  |d 1976-  |4 aut  |9 26404 
245 1 0 |a Medzinárodný web  |c Branislav Madoš 
300 |b Obr. 
650 0 7 |a webové stránky  |2 SNKPH  |9 2008 
650 0 7 |a webový dizajn  |2 SNKPH  |9 70314 
650 0 7 |a medzinárodný web  |2 snkbucl  |9 1478978 
773 0 |t PC revue  |g Roč. XVI, č. 5 (2008), s. 135  |x 1335-0226 
850 |a Slovenská národná knižnica 
852 |a Slovenská národná knižnica 
954 |a odborná, vedecká literatúra pôvodná (slovenská)  |2 lita 
958 |a article27 
958 |a OND 
958 |a EUIPO 
999 |c 2957331  |d 2959261